Paz entre hermanos (Registro nro. 154301)
[ vista simple ]
| 000 -LEADER | |
|---|---|
| campo de control de longitud fija | 00765nam a22001695i 4500 |
| 001 - NÚMERO DE CONTROL | |
| campo de control | 154301 |
| 003 - IDENTIFICADOR DE NÚMERO DE CONTROL | |
| campo de control | ES-MaACL |
| 005 - FECHA Y HORA DE LA ÚLTIMA TRANSACCIÓN | |
| campo de control | 20230906205643.0 |
| 008 - DATOS DE LONGITUD FIJA--INFORMACIÓN GENERAL | |
| campo de control de longitud fija | 051007s1874 sp | |||||||| ||spa d |
| 040 ## - FUENTE DE CATALOGACIÓN | |
| Centro catalogador/agencia de origen | CAM |
| Lengua de catalogación | spa |
| Centro/agencia transcriptor | CAM |
| 100 1# - ENTRADA PRINCIPAL--NOMBRE DE PERSONA | |
| Nombre de persona | Santivañes y Chávarri, Arturo Gil de. |
| 9 (RLIN) | 127310 |
| 245 10 - MENCIÓN DEL TÍTULO | |
| Título | Paz entre hermanos |
| Resto del título | : cuadro dramático de actualidad, en un acto, original y en verso / |
| Mención de responsabilidad, etc. | de Arturo Gil de Santivañes. |
| 260 ## - PUBLICACIÓN, DISTRIBUCIÓN, ETC. | |
| Lugar de publicación, distribución, etc. | Madrid : |
| Nombre del editor, distribuidor, etc. | [s.n.], |
| Fecha de publicación, distribución, etc. | 1874 ( |
| Lugar de fabricación/manufactura | Imprenta de S. Landáburu) |
| 300 ## - DESCRIPCIÓN FÍSICA | |
| Extensión | 28 p. ; |
| Dimensiones | 20 cm. |
| 500 ## - NOTA GENERAL | |
| Nota general | En port.: Liceo Piquer, 30 de Enero de 1874. |
| 852 ## - LOCALIZACIÓN | |
| Ubicación | ES-MaACL |
| Número de control de estantería | F-8552(5) |
| Nota libre | -- Enc. pasta española, falto de la enc. original |
| -- | -- Enc. en un vol. facticio, formando parte de la col. facticia "Teatro español moderno", v. 4 |
| Estatus retirado | Estado de pérdida | Estado de daño | No para préstamo | Colección | Biblioteca de origen | Biblioteca actual | Ubicación en estantería | Fecha de adquisición | Total de préstamos | Signatura topográfica completa | Código de barras | Visto por última vez | Precio de reemplazo | Tipo de ítem Koha |
|---|---|---|---|---|---|---|---|---|---|---|---|---|---|---|
| Libros del s. XIX | Biblioteca del Ateneo de Madrid | Biblioteca del Ateneo de Madrid | Sala Pecera Planta 2 | 17/01/2008 | F-8552(5) | 1161353 | 23/02/2023 | 23/02/2023 | Libro impreso antiguo |
